000 00325nam a22001337a 4500
008 170715b xxu||||| |||| 00| 0 eng d
020 _a2900155015134
041 _aeng
080 _a572
100 _a24
101 _aANT
245 _aTHE RASHAAYDA BEDOUN: ARAB PASTORALISTS OF EASTERN SUDAN
_cYOUNG,W.C
942 _2udc
_cBK
999 _c21035
_d21035